000 00539nam a22001937a 4500
999 _c7778
_d7778
003 OSt
005 20220302155327.0
008 190828b ||||| |||| 00| 0 eng d
020 _a0521466296
040 _cDDC
082 _a512.2BHA 1994
100 _4Bhattacharya,P.B;Jain,SK;Nagpaul,SR;
245 _aThe basics of Abstract Algebra
260 _aCambridge.
_bCambridge University Press.
_c1994
300 _axv,397p;
_bill:
_c24cm
504 _aAppendix, & index included
650 _aAbstract algebra
_98592
942 _2ddc
_cO_SHELF